| 000 | 00403nam a2200133Ia 4500 | ||
|---|---|---|---|
| 008 | 151015s9999 xx 000 0 und d | ||
| 020 | _a9.780735623e+012 | ||
| 050 | _aQA 76.76 .O63S73457 2007 | ||
| 245 | _aStanek,william R | ||
| 250 | _a_Windows Vista Administrator's pocket consultant William R Stanek | ||
| 500 | _aIncludes inde | ||
| 650 | _a_Windows VIsta | ||
| 700 | _a^d20120828 12:16:44^oanne | ||
| 999 |
_c3631 _d3631 |
||